| 000 | 02290nam0a2200433 4500 | ||
|---|---|---|---|
| 001 | RU\NLR\BIBL_A\011534016 | ||
| 005 | 20260408114929.0 | ||
| 020 |
_aRU _b9493 _9Сводный каталог листовок первых лет Советской власти (25 октября (7 ноября) 1917 - 1925) Т.4 (Ч.2). Листовки советских, партийных, профсоюзных, комсомольских и других организаций губерний РСФСР |
||
| 035 | _a(NLR Aleph) 011534016 | ||
| 090 |
_a12158963 _c12158963 |
||
| 100 | _a20171121d1920 |||y0rusy50 ca | ||
| 101 | 0 | _arus | |
| 102 | _aRU | ||
| 105 | _ay z 000zy | ||
| 135 | _acrcn 024anaba | ||
| 200 | 1 |
_aПеред торжественным обещанием _e[листовка _fПензенский губ. комиссариат по военным делам] |
|
| 210 |
_aПенза _cПолит.-просв. отд. Пенз. губ. военкомата _aтипо-лит. Совнархоза N° 3 _d[1920] |
||
| 215 |
_a1 с. _d32х18 |
||
| 300 | _aГод изд. установлен по дате поступления обяз. экз. РНБ | ||
| 325 | _aКопия доступна в Электрон. б-ке РНБ | ||
| 327 | 1 | _aО значении военной присяги | |
| 540 | 1 | _aО значении военной присяги | |
| 607 |
_aРСФСР _jЛистовки _xПолитика и управление _y1917 - 1925 _92312782 _3RU\NLR\auth\6601609564 |
||
| 686 | 0 | _aТ3(2)71-313,011 | |
| 686 | 0 | _aТ3(2Р-7П)712-31,011 | |
| 686 | 0 | _aЦ35(2)712.3,011 | |
| 712 | 0 | 2 |
_aПензенский губернский комиссариат по военным делам _3RU\NLR\AUTH\880375884 _9418038 |
| 852 | 0 | 0 |
_aNLR _bФЛ _j43/124 |
| 856 | 0 | _uhttps://vivaldi.nlr.ru/ll700001201/view | |
| 856 | 1 | _uhttps://vivaldi.nlr.ru/ll700001201/cover | |
| 856 | 2 | _uhttps://vivaldi.nlr.ru/ll700001201/text | |
| 942 | _cBOOK | ||
| 980 | _aNB | ||
| 981 | 2 | 1 |
_a(21) Листовки _b(21) Листовки 1920 года |